Les villes et villages fleuris de Bourgogne-Franche-Comté - Statistiques

Statistiques générales
  • Ce quiz a été pris 33 fois
  • Le résultat moyen est 7 sur 16
Statistiques - réponses
Département Habitants Indice Réponse % Correct
21 21031 *EAU*E Beaune
84%
21 9480 Q**T*GN* Quetigny
69%
90 46443 *E**O** Belfort
66%
58 34068 *E*E** Nevers
66%
71 6290 CH*T*N**-L*-R*Y*L Châtenoy-le-Royal
59%
89 26586 *E** Sens
59%
71 35393 *A*O* Mâcon
56%
71 44810 **A*O*-*U*-*AO*E Chalon-sur-Saône
53%
71 9679 *A*AY-*E-*O*IA* Paray-le-Monial
44%
25 26606 *O***E*IA** Montbéliard
41%
72 825 L*Z* Luze
38%
25 4819 M*ND**R* Mandeure
25%
72 1973 N**D*NS-L*S-V*S**L Noidans-lès-Vesoul
16%
90 1001 R**G*G**TT* Rougegoutte
13%
72 634 M*FF*NS-*T-V*CH*R*SS* Moffans-et-Vacheresse
6%
72 254 E*U** Ehuns
0%
Aucun quiz correspondant
Distribution des résultats
% des personnes avec chaque résultat
Percentile par nombre de réponses
Votre historique - résultats
Vous n’avez pas pris ce quiz